[Event "UK-ch Blitz-B"]
[Site "Leamington Spa"]
[Date "2023.12.02"]
[Round "12.7"]
[White "Orlovska, Madara"]
[Black "Kong, Emma"]
[Result "1-0"]
[WhiteElo "1961"]
[BlackElo "1269"]
[PlyCount "101"]
[EventDate "2023.12.02"]
[EventType "tourn (blitz)"]
[EventRounds "15"]
[EventCountry "ENG"]
[SourceTitle "CB50_2023"]
[SourceDate "2023.12.13"]
[SourceVersion "1"]
[SourceVersionDate "2023.12.13"]
[SourceQuality "1"]

1. d4 d5 2. Nc3 c6 3. Bf4 Nf6 4. Qd2 Bf5 5. f3 h6 6. h4 e6 7. g4 Bh7 8. e3 Nbd7 9. Bd3 Bxd3 10. Qxd3 Qb6 11. 0-0-0 c5 12. dxc5 Nxc5 13. Qb5+ Qxb5 14. Nxb5 Kd7 15. e4 a6 16. Nc3 Rc8 17. exd5 exd5 18. Nxd5 Nxd5 19. Rxd5+ Ke8 20. Nh3 Ne6 21. Re1 Be7 22. Bg3 Rc6 23. Nf4 Nxf4 24. Bxf4 Re6 25. Rxe6 fxe6 26. Re5 Kf7 27. h5 Bd6 28. Re4 Be7 29. Rd4 b5 30. Rd7 Kf6 31. Ra7 a5 32. Rxa5 e5 33. Ra6+ Kf7 34. Bxe5 Bg5+ 35. f4 Bh4 36. Ra7+ Ke6 37. Rxg7 Rd8 38. Rg6+ Kf7 39. Rxh6 Rg8 40. g5 Bxg5 41. fxg5 Rxg5 42. Bf4 Rg1+ 43. Kd2 Rg2+ 44. Kd3 Rf2 45. Be3 Rf3 46. Rb6 Rh3 47. h6 Kg8 48. Rxb5 Rg3 49. Rg5+ Rxg5 50. Bxg5 Kh7 51. a4 1-0

[Event "UK-ch Blitz (Women)"]
[Site "Leamington Spa"]
[Date "2022.12.03"]
[Round "4"]
[White "Orlovska, Madara"]
[Black "Karas, Eugenia"]
[Result "1-0"]
[WhiteElo "2045"]
[BlackElo "1898"]
[PlyCount "104"]
[EventDate "2022.12.03"]
[EventType "tourn (blitz)"]
[EventRounds "15"]
[EventCountry "ENG"]
[SourceTitle "CBM 211 Extra"]
[Source "ChessBase"]
[SourceDate "2023.01.31"]
[SourceVersion "1"]
[SourceVersionDate "2023.01.31"]
[SourceQuality "1"]

1. d4 d5 2. Nc3 Nf6 3. Bf4 e6 4. Qd2 Bd6 5. f3 b6 6. 0-0-0 Bb7 7. g4 h6 8. h4 Bxf4 9. Qxf4 Qd6 10. Qd2 Na6 11. e3 c6 12. Nh3 Nc7 13. Kb1 0-0-0 14. Nf4 e5 15. Nd3 e4 16. fxe4 Nxe4 17. Nxe4 dxe4 18. Ne5 Qe7 19. Bg2 c5 20. Rhf1 Rhf8 21. Qc3 Nd5 22. Qb3 Rd6 23. Bxe4 Nc3+ 24. Qxc3 Bxe4 25. dxc5 Rxd1+ 26. Rxd1 Qxc5 27. Qxc5+ bxc5 28. Rf1 f6 29. b3 Rd8 30. Nc4 Kc7 31. g5 hxg5 32. hxg5 fxg5 33. Rf7+ Rd7 34. Rf8 Bd5 35. Ne5 Re7 36. Rf5 Kd6 37. Nd3 Rxe3 38. Rxg5 Re7 39. Kb2 a6 40. c4 Re2+ 41. Ka3 Be4 42. Nxc5 Bb1 43. Kb4 Re5 44. Nb7+ Ke6 45. Rxg7 Bxa2 46. Nc5+ Kd6 47. Nxa6 Re3 48. Nc5 Re5 49. Rg6+ Kc7 50. Kb5 Bxb3 51. Rg7+ Kc8 52. Kc6 Bxc4 1-0

[Event "UK-ch Blitz (Women)"]
[Site "Leamington Spa"]
[Date "2022.12.03"]
[Round "14"]
[White "Pyun, Lindsay"]
[Black "Orlovska, Madara"]
[Result "0-1"]
[WhiteElo "1515"]
[BlackElo "2045"]
[PlyCount "114"]
[EventDate "2022.12.03"]
[EventType "tourn (blitz)"]
[EventRounds "15"]
[EventCountry "ENG"]
[SourceTitle "CBM 211 Extra"]
[Source "ChessBase"]
[SourceDate "2023.01.31"]
[SourceVersion "1"]
[SourceVersionDate "2023.01.31"]
[SourceQuality "1"]

1. e4 c5 2. Nf3 a6 3. d4 cxd4 4. Nxd4 Nf6 5. Nc3 e5 6. Nb3 Nc6 7. Be3 d6 8. h3 Be7 9. Be2 0-0 10. 0-0 Be6 11. Qd2 b5 12. a3 Rc8 13. Bd3 b4 14. axb4 Nxb4 15. Bxa6 Nxa6 16. Rxa6 Bxb3 17. cxb3 Rb8 18. Qc2 Qc8 19. Rc1 Qxa6 20. Rd1 Qb7 21. Nd5 Nxd5 22. Rxd5 Rfc8 23. Qd1 Qxb3 24. Qxb3 Rxb3 25. Rd2 Rcb8 26. Ba7 Ra8 27. Be3 h6 28. Rc2 Rab8 29. Ba7 R8b7 30. Be3 Rxb2 31. Rc8+ Kh7 32. Kh2 R2b5 33. Ra8 d5 34. exd5 Rxd5 35. Re8 Bd6 36. Rc8 e4+ 37. g3 Be5 38. Rf8 Bd4 39. Bxd4 Rxd4 40. Kg2 Rd2 41. Re8 Rb4 42. Re7 f5 43. Re5 Kg6 44. Re6+ Kf7 45. Re5 g6 46. g4 Kf6 47. Re8 Rbb2 48. Rf8+ Kg7 49. Rc8 Rxf2+ 50. Kg3 f4+ 51. Kh4 g5+ 52. Kh5 Rbc2 53. Rb8 Rc7 54. Rb6 Rh2 55. Rg6+ Kf7 56. Rxh6 Rxh3+ 57. Kxg5 Rxh6 0-1

[Event "London Chess Classic: Blitz C"]
[Site "London"]
[Date "2019.12.08"]
[Round "6"]
[White "Ball, Charlie J"]
[Black "Orlovska, Madara"]
[Result "0-1"]
[WhiteElo "1249"]
[BlackElo "2102"]
[PlyCount "128"]
[EventDate "2019.12.08"]
[EventType "swiss (blitz)"]
[EventRounds "11"]
[EventCountry "ENG"]
[SourceTitle "EXT 2021"]
[Source "ChessBase"]
[SourceDate "2020.10.23"]
[SourceVersion "1"]
[SourceVersionDate "2020.10.23"]
[SourceQuality "1"]

1. d4 f5 2. Bg5 Nf6 3. e3 g6 4. Be2 Ne4 5. Bf4 Bg7 6. Nd2 d5 7. c3 Nd7 8. h4 h5 9. f3 Nef6 10. g4 hxg4 11. fxg4 fxg4 12. Bxg4 Nb6 13. Bxc8 Qxc8 14. Qf3 c6 15. Qg3 Qg4 16. Qxg4 Nxg4 17. Ngf3 Bh6 18. Be5 Nxe5 19. dxe5 Bxe3 20. 0-0-0 e6 21. Rdg1 Kf7 22. Rg3 Rag8 23. Ng5+ Bxg5 24. Rxg5 Rh5 25. Rhg1 Rxh4 26. Rf1+ Ke7 27. Nf3 Rf4 28. Nh2 Rxf1+ 29. Nxf1 Nc4 30. Nh2 Ne3 31. Nf3 c5 32. Nh4 Kf7 33. Rg3 Nf5 34. Rf3 Ke7 35. Ng2 Rh8 36. Rf4 Rh1+ 37. Kc2 Rh2 38. Rf2 Rxg2 39. Rxg2 Ne3+ 40. Kb3 Nxg2 41. Ka4 Ne3 42. Kb5 g5 43. Kxc5 g4 44. Kd4 Nf5+ 45. Kd3 g3 46. Ke2 Kf7 47. Kf3 Kg6 48. b4 Kg5 49. a4 Kh4 50. Kg2 Ne3+ 51. Kg1 Nc4 52. b5 Nxe5 53. b6 axb6 54. a5 bxa5 55. c4 dxc4 56. Kf1 a4 57. Ke2 a3 58. Kf1 a2 59. Kg2 Kg4 60. Kf1 a1Q+ 61. Ke2 Qb2+ 62. Kf1 Qd2 63. Kg1 Qf2+ 64. Kh1 Qh2# 0-1

[Event "GBR-ch blitz (Women)"]
[Site "Birmingham"]
[Date "2019.11.16"]
[Round "1"]
[White "Milewska, Agnieszka"]
[Black "Orlovska, Madara"]
[Result "0-1"]
[WhiteElo "1677"]
[BlackElo "2094"]
[PlyCount "44"]
[EventDate "2019.11.16"]
[EventType "tourn (blitz)"]
[EventRounds "15"]
[EventCountry "ENG"]
[SourceTitle "CBM 193 Extra"]
[Source "ChessBase"]
[SourceDate "2020.01.31"]
[SourceVersion "1"]
[SourceVersionDate "2020.01.31"]
[SourceQuality "1"]

1. d4 f5 2. c4 Nf6 3. Nc3 g6 4. Bg5 Bg7 5. e3 0-0 6. Nf3 d6 7. g3 Nc6 8. Bg2 h6 9. Bxf6 Bxf6 10. 0-0 Bg7 11. d5 Ne5 12. Nxe5 dxe5 13. e4 f4 14. f3 fxg3 15. hxg3 h5 16. Kf2 Qd6 17. Qd2 Kh7 18. Rh1 Bh6 19. Qd3 Qb6+ 20. Ke2 Qxb2+ 21. Kd1 Qxa1+ 22. Nb1 Qb2 0-1

[Event "GBR-ch blitz (Women)"]
[Site "Birmingham"]
[Date "2019.11.16"]
[Round "12"]
[White "Toma, Katarzyna"]
[Black "Orlovska, Madara"]
[Result "0-1"]
[WhiteElo "2210"]
[BlackElo "2094"]
[PlyCount "62"]
[EventDate "2019.11.16"]
[EventType "tourn (blitz)"]
[EventRounds "15"]
[EventCountry "ENG"]
[SourceTitle "CBM 193 Extra"]
[Source "ChessBase"]
[SourceDate "2020.01.31"]
[SourceVersion "1"]
[SourceVersionDate "2020.01.31"]
[SourceQuality "1"]

1. e4 c5 2. Nf3 d6 3. d4 cxd4 4. Nxd4 Nf6 5. Nc3 g6 6. Be3 Bg7 7. f3 Nc6 8. Bc4 Bd7 9. Qd2 0-0 10. 0-0-0 Ne5 11. Be2 Rc8 12. Kb1 a6 13. h4 h5 14. Nb3 b5 15. Nd5 Be6 16. Bg5 Bxd5 17. exd5 Nc4 18. Bxc4 bxc4 19. Nc1 c3 20. bxc3 a5 21. Nb3 a4 22. Bxf6 Bxf6 23. Nd4 a3 24. Ka1 Rc5 25. Qe3 Qa5 26. Rb1 Rxc3 27. Qd2 Qc5 28. Rhd1 Rxc2 29. Qb4 Qc7 30. Qxa3 Rc4 31. Qd3 Rxd4 0-1